| 000 | 00883cam a22001934a 4500 | ||
|---|---|---|---|
| 005 | 20250605164041.0 | ||
| 008 | 250528s ||||||||||||||||||||||||d | ||
| 035 | _a16996 | ||
| 020 | _a195006801 | ||
| 040 |
_aGR-AtMCL _bgre _dGR-AtMCL _eAACR2 |
||
| 245 | 1 | _aThe Power Elite | |
| 260 |
_bOxford University Press, _c1956 |
||
| 300 | _a426 | ||
| 520 | _aThe style of life of the men and women at the pinnacles of fame and power and fortunes in America Today. The Higher Circles, Local Society, Metropolitan 400, The Celebrities, The Very Rich, The Chief Executives, The Corporate Rich, The Warlords, The Military Ascendancy, The Political Directorate, The Theory of Balance, The Power Elite, The Mass Society, The Conservative Mood, The Higher Immorality, Acknowledgements, Notes, Index. | ||
| 700 | 1 |
_aMills Wright C _93120 |
|
| 942 | _cBK | ||
| 999 |
_c2437 _d2437 |
||